Szczegóły MARC21

Psychologia języka dziecka /

003 -Nazwa inst., której nr kontr. jest w polu 001 [,]
    • @
    • Nazwa instytucji, której n kontrolny jest w polu 001
    • NUKAT
005 -DATA I CZAS OSTATNIEJ MODYFIKACJI [,]
    • @
    • pole kontrolne
    • 20241231093525.0
020 -Międzynarod. znormalizowany nr książki - ISBN [ , ]
    • a
    • Numer ISBN
    • 9788360083185 Find
040 -Instytucja sporządzająca opis [ , ]
    • a
    • Instytucja, która sporządziła opis (NP)
    • WA U/89SB
    • c
    • Instytucja, która sporządziła rekord (NP)
    • WA U/SB
    • d
    • Instytucja, która zmodyfikowała rekord (P)
    • WA U/AZ
    • d
    • Instytucja, która zmodyfikowała rekord (P)
    • WR O/PCs
041 -Język dokumentu [1, ]
    • a
    • Język tekstu (P)
    • polski
    • h
    • Język tekstu oryginalnego i/lub pośredniego (P)
    • angielski
942 -Rodzaj dokumentu [ , ]
    • c
    • Rodzaj dokumentu
    • Książka
245 -Strefa tytułu i oznaczenia odpowiedzialności [0,0]
    • a
    • Tytuł
    • Psychologia języka dziecka / Find
    • c
    • Pozostałe elementy strefy tytułu i oznaczenia odpowiedzialności (NP)
    • red. Barbara Bokus, Grace W. Shugar ; przekł. Ewa Haman [et al.].
260 -Strefa adresu wydawniczego [ , ]
    • a
    • Miejsce wydania (P)
    • Gdańsk :
    • b
    • Nazwa wydawcy (P)
    • Gdańskie Wydawnictwo Psychologiczne,
    • c
    • Data wydania (P)
    • 2007.
300 -Strefa opisu fizycznego [ , ]
    • a
    • Określenie formy książki i/lub objętość (NP)
    • 462 s. :
    • b
    • Oznaczenie ilustracji (NP)
    • il. ;
    • c
    • Format (NP)
    • 24 cm.
336 -Typ zawartości [ , ]
    • a
    • Termin opisujący typ zawartości
    • Tekst
    • b
    • Kod określający zawartość
    • txt
    • 2
    • Źródło (terminu i kodu)
    • rdacontent
337 -Typ mediów [ , ]
    • a
    • Tryb odtwarzania
    • Bez urządzenia pośredniczącego
    • b
    • Kod typu mediów
    • n
    • 2
    • Źródło (terminu i kodu)
    • rdamedia
338 -Typ/rodzaj nośnika [ , ]
    • a
    • Hasło opisujące typ nośnika
    • Wolumin
    • b
    • Kod typu nośnika
    • nc
    • 2
    • Źródło (terminu i kodu)
    • rdacarrier
490 -Strefa serii i książki wielotomowej - forma nie do wyszukiwania [1, ]
    • a
    • Tytuł (P)
    • Psychologia - Gdańskie Wydawnictwo Psychologiczne Find
830 -Hasło dodatkowe serii i opisu książki wielotomowej - tytuł ujednolicony/tytuł [ ,0]
    • a
    • Tytuł ujednolicony/tytuł (NP)
    • Psychologia - Gdańskie Wydawnictwo Psychologiczne
    • 9
    • KHW
    • 646940
500 -Uwaga ogólna [ , ]
    • a
    • Uwaga ogólna (NP)
    • U dołu okł. oznaczenie: 3.
500 -Uwaga ogólna [ , ]
    • a
    • Uwaga ogólna (NP)
    • Na okł. i s. red. dodatek do tytułu: osiągnięcia, nowe perspektywy.
504 -Uwaga dot. bibliogr. załącznikowej [ , ]
    • a
    • Uwaga dot. bibliografii załącznikowej
    • Bibliogr. przy pracach. Indeksy.
546 -Uwaga dot. języka [ , ]
    • a
    • Uwaga dot. języka
    • Streszcz. prac w jęz. pol.
080 -Uniwersalna Klasyfikacja Dziesiętna [ , ]
    • 2
    • Identyfikator wydania tablic
    • UDC-P058
    • a
    • Symbol klasyfikacji
    • 81’23
    • b
    • Dopowiedzenie
    • Psycholingwistyka. Psychologia języka. Język a myślenie. Neurolingwistyka. Patologia mowy. Afazja.
    • x
    • Poddział wspólny
    • -053.2
    • b
    • Dopowiedzenie
    • -Dzieci ogólnie.
    • x
    • Poddział wspólny
    • (082.2)
    • b
    • Dopowiedzenie
    • (Antologie. Wypisy (różnych autorów). Cytaty. Fragmenty).
080 -Uniwersalna Klasyfikacja Dziesiętna [ , ]
    • 2
    • Identyfikator wydania tablic
    • UDC-P058
    • a
    • Symbol klasyfikacji
    • 159.95
    • b
    • Dopowiedzenie
    • Wyższe procesy poznawcze. Inteligencja.
    • x
    • Poddział wspólny
    • -053.2
    • b
    • Dopowiedzenie
    • -Dzieci ogólnie.
    • x
    • Poddział wspólny
    • (082.2)
    • b
    • Dopowiedzenie
    • (Antologie. Wypisy (różnych autorów). Cytaty. Fragmenty.
080 -Uniwersalna Klasyfikacja Dziesiętna [ , ]
    • 2
    • Identyfikator wydania tablic
    • UDC-P058
    • a
    • Symbol klasyfikacji
    • 159.922
    • b
    • Dopowiedzenie
    • Właściwości życia psychicznego. Świadomość. Psychologia rozwojowa.
    • x
    • Poddział wspólny
    • -053.2
    • b
    • Dopowiedzenie
    • -Dzieci ogólnie.
    • x
    • Poddział wspólny
    • (082.2)
    • b
    • Dopowiedzenie
    • (Antologie. Wypisy (różnych autorów). Cytaty. Fragmenty.
650 -Hasło przedmiotowe [ ,7]
    • a
    • Hasło przedmiotowe
    • Dzieci
    • x
    • Określnik rzeczowy
    • język.
    • 2
    • Źródło terminu
    • kaba
    • 9
    • KHW
    • 106848
650 -Hasło przedmiotowe [ ,7]
    • a
    • Hasło przedmiotowe
    • Nauka mówienia.
    • 2
    • Źródło terminu
    • kaba
    • 9
    • KHW
    • 120787
650 -Hasło przedmiotowe [ ,7]
    • a
    • Hasło przedmiotowe
    • Komunikacja interpersonalna u dzieci.
    • 2
    • Źródło terminu
    • kaba
    • 9
    • KHW
    • 114878
980 -Symbol UKD [ , ]
    • a
    • UKD
    • 81’23:159.95:159.922]-053.2(082.2)
700 -Hasło dodatkowe - nazwa osobowa [1, ]
    • a
    • Nazwa osobowa (NP)
    • Bokus, Barbara Find
    • d
    • Daty biograficzne (NP)
    • (1953- ).
    • e
    • Określenie rodzaju współpracy
    • Red.
    • 9
    • KHW
    • 38186
700 -Hasło dodatkowe - nazwa osobowa [1, ]
    • a
    • Nazwa osobowa (NP)
    • Shugar, Grace Find
    • d
    • Daty biograficzne (NP)
    • (1918-2013).
    • e
    • Określenie rodzaju współpracy
    • Red.
    • 9
    • KHW
    • 31904
700 -Hasło dodatkowe - nazwa osobowa [1, ]
    • a
    • Nazwa osobowa (NP)
    • Haman, Ewa Find
    • d
    • Daty biograficzne (NP)
    • (1968- ).
    • e
    • Określenie rodzaju współpracy
    • Tł.
    • 9
    • KHW
    • 646939
920 -ISBN [ , ]
    • a
    • ISBN
    • 978-83-60083-18-5 Find
Data inwentaryzacji Status udost. Sygnatura Uwagi nie widoczne w OPAC Lokalizacja Numer inwentarzowy
2009-05-181Z.113092 Psychologiapodr.psychologiaBGZ.113092
2022-10-11-3  BGWM.27715
2009-05-181  BMG.18689